Love in a headscarf muslim woman seeks the one / (Record no. 43070)

MARC details
000 -LEADER
fixed length control field 00678nam a22001937a 4500
005 - DATE AND TIME OF LATEST TRANSACTION
control field 20100825142630.0
010 ## - LCCN (DPL NO)
LC control number ENG-101369
020 ## - INTERNATIONAL STANDARD BOOK NUMBER
International Standard Book Number 9788191067309
Terms of availability 295.00
035 ## - SYSTEM CONTROL NUMBER
System control number EN-84902
037 ## - SOURCE OF ACQUISITION
Source of stock number/acquisition DBAD/PUB
082 ## - DEWEY DECIMAL CLASSIFICATION NUMBER
Classification number 270
100 ## - MAIN ENTRY--PERSONAL NAME
Personal name Janmohamed, Shelina Zahra
245 ## - TITLE STATEMENT
Title Love in a headscarf muslim woman seeks the one /
Statement of responsibility, etc by Shelina Zahra Janmohamed
260 ## - PUBLICATION, DISTRIBUTION, ETC. (IMPRINT)
Place of publication, distribution, etc New Delhi
Name of publisher, distributor, etc Amaryllis
Date of publication, distribution, etc 2010
270 ## - ADDRESS
Address J-39 Ground Floor Jor Bagh Lane
City New Delhi
Postal code 110003
300 ## - PHYSICAL DESCRIPTION
Extent xvi,288p
Dimensions 21cm(pbk)
942 ## - ADDED ENTRY ELEMENTS (KOHA)
Source of classification or shelving scheme Dewey Decimal Classification
Item type English Books
Classification part 270
Call number suffix JAN
Holdings
Withdrawn status Lost status Not for loan Collection code Home library Current library Date acquired Source of acquisition Cost, normal purchase price Full call number Barcode Copy number Cost, replacement price Koha item type
    Not For Loan Non-fiction D.B.Act.Division D.B.Act.Division 25/08/2010 DBAD/PUB 295.00 270 JAN EN-84902 1 295.00 English Books

© Delhi Public Library
Hit Counter
free hit counter